[Event "Aktobe Dvorkovich op"]
[Site "Aktobe"]
[Date "2022.06.15"]
[Round "2"]
[White "Rychagov, Andrey"]
[Black "Kozhabekov, Adilkhan"]
[Result "1-0"]
[WhiteElo "2549"]
[BlackElo "2037"]
[PlyCount "52"]
[EventDate "2022.06.14"]
[EventType "swiss"]
[EventRounds "9"]
[EventCountry "KAZ"]
[SourceTitle "CBM 208 Extra"]
[Source "ChessBase"]
[SourceDate "2022.07.31"]
[SourceVersion "1"]
[SourceVersionDate "2022.07.31"]
[SourceQuality "1"]

1. d4 Nf6 2. c4 e6 3. Nf3 d5 4. Nc3 Be7 5. Bf4 0-0 6. e3 c5 7. dxc5 Bxc5 8. Qc2 Nc6 9. Rd1 Qa5 10. a3 Ne4 11. cxd5 Nxc3 12. bxc3 exd5 13. Rxd5 Qxa3 14. Ng5 g6 15. Bc4 Ne7 16. Rd1 b5 17. Bxb5 Bb7 18. 0-0 Nd5 19. Bc4 Nxf4 20. Ra1 Qxa1 21. Rxa1 Nxg2 22. Qb3 Rab8 23. Bxf7+ Kg7 24. Ne6+ Kh6 25. Nxc5 Bc6 26. Qe6 Rh8 1-0

[Event "Online Olym Disabilities"]
[Site "Tornelo INT"]
[Date "2020.11.25"]
[Round "5.14"]
[White "Kozhabekov, Adilkhan"]
[Black "Gelman, Gennadiy1111"]
[Result "1-0"]
[WhiteElo "2080"]
[BlackElo "1793"]
[PlyCount "83"]
[EventDate "2020.11.21"]
[EventType "team-swiss (rapid)"]
[EventRounds "7"]
[EventCountry "NET"]
[SourceTitle "CBM 199 Extra"]
[Source "ChessBase"]
[SourceDate "2021.01.31"]
[SourceVersion "1"]
[SourceVersionDate "2021.01.31"]
[SourceQuality "1"]
[WhiteTeam "Kazakhstan"]
[BlackTeam "Azerbaijan"]
[WhiteTeamCountry "KAZ"]
[BlackTeamCountry "AZE"]

1. e4 c5 2. Nc3 e6 3. f4 a6 4. a4 Nc6 5. Nf3 d5 6. d3 Be7 7. Be2 Rb8 8. 0-0 b5 9. axb5 axb5 10. Qe1 d4 11. Nb1 Nf6 12. Qg3 Kf8 13. Kh1 c4 14. Ne5 Qc7 15. Nxc6 Qxc6 16. f5 Qb7 17. e5 Nd5 18. f6 gxf6 19. Bh6+ Ke8 20. Qg7 Rf8 21. exf6 Bd6 22. Bf3 Bd7 23. Nd2 Bc6 24. Ne4 Kd7 25. Nxd6 Kxd6 26. Qg3+ e5 27. Bxf8+ Rxf8 28. Bxd5 Bxd5 29. Rfe1 Re8 30. Re2 Qc8 31. Rae1 Qf5 32. Rf2 Qg6 33. Qh3 Re6 34. dxc4 bxc4 35. Qa3+ Kd7 36. Qa7+ Kd6 37. Qb8+ Kd7 38. Rxe5 Rxe5 39. Qxe5 Kc6 40. Qxd4 Qh6 41. Qf4 Qh5 42. Rd2 1-0

[Event "Online Olym Disabilities"]
[Site "Tornelo INT"]
[Date "2020.11.21"]
[Round "1.16"]
[White "Kozhabekov, Adilkhan"]
[Black "Le, Van Viet"]
[Result "1-0"]
[WhiteElo "2080"]
[BlackElo "1438"]
[PlyCount "37"]
[EventDate "2020.11.21"]
[EventType "team-swiss (rapid)"]
[EventRounds "7"]
[EventCountry "NET"]
[SourceTitle "CBM 199 Extra"]
[Source "ChessBase"]
[SourceDate "2021.01.31"]
[SourceVersion "1"]
[SourceVersionDate "2021.01.31"]
[SourceQuality "1"]
[WhiteTeam "Kazakhstan"]
[BlackTeam "Vietnam"]
[WhiteTeamCountry "KAZ"]
[BlackTeamCountry "VIE"]

1. e4 c5 2. Nc3 d6 3. f4 Nc6 4. Nf3 g6 5. Bb5 Bg7 6. Bxc6+ bxc6 7. 0-0 Bd7 8. d3 Nf6 9. Qe1 0-0 10. Qh4 Qc7 11. f5 gxf5 12. Bh6 Bxh6 13. Qxh6 f4 14. Ng5 Rfb8 15. Rxf4 Be6 16. Rxf6 exf6 17. Qxh7+ Kf8 18. Nxe6+ fxe6 19. Qxc7 1-0

[Event "Central Asia Cup 4th"]
[Site "Almaty"]
[Date "2015.11.21"]
[Round "1"]
[White "Khusnutdinov, Rustam"]
[Black "Kozhabekov, Adilkhan"]
[Result "1/2-1/2"]
[WhiteElo "2517"]
[BlackElo "2199"]
[PlyCount "46"]
[EventDate "2015.11.21"]
[EventType "swiss"]
[EventRounds "9"]
[EventCountry "KAZ"]
[SourceTitle "CBM 169 Extra"]
[Source "ChessBase"]
[SourceDate "2015.12.18"]
[SourceVersion "1"]
[SourceVersionDate "2015.12.18"]
[SourceQuality "1"]

1. e4 e5 2. Nf3 Nc6 3. Bb5 a6 4. Ba4 Nf6 5. 0-0 Be7 6. d3 b5 7. Bb3 d6 8. a3 0-0 9. Nc3 Bg4 10. Be3 Na5 11. Ba2 c5 12. h3 Be6 13. Qd2 Bxa2 14. Rxa2 Nc6 15. Bg5 Ne8 16. Nd5 f6 17. Be3 Rf7 18. b4 Bf8 19. a4 Nc7 20. axb5 Nxd5 21. bxc6 Nxb4 22. Ra4 Nxc6 23. Rfa1 a5 1/2-1/2

[Event "Vojvodina-ch 6th"]
[Site "Novi Sad"]
[Date "2015.07.30"]
[Round "8"]
[White "Kozhabekov, Adilkhan"]
[Black "Kumic, Filip"]
[Result "0-1"]
[WhiteElo "2161"]
[BlackElo "2253"]
[PlyCount "76"]
[EventDate "2015.07.25"]
[EventType "swiss"]
[EventRounds "9"]
[EventCountry "YUG"]
[SourceTitle "EXT 2017"]
[Source "ChessBase"]
[SourceDate "2016.10.25"]
[SourceVersion "1"]
[SourceVersionDate "2016.10.25"]
[SourceQuality "1"]

1. e4 e5 2. Nf3 Nc6 3. Nc3 Nf6 4. Bb5 Bd6 5. 0-0 0-0 6. h3 Re8 7. Re1 a6 8. Ba4 h6 9. a3 Nd4 10. Nd5 Ne6 11. Nxf6+ Qxf6 12. c3 b5 13. Bc2 c5 14. d3 Bb7 15. Nh2 Qd8 16. Qg4 Nf4 17. g3 Ng6 18. h4 Kh8 19. h5 Nf8 20. f4 Nh7 21. Nf3 Qe7 22. Bd2 Bc7 23. Rf1 d6 24. f5 d5 25. Nh4 Nf6 26. Qe2 c4 27. exd5 cxd3 28. Qxd3 e4 29. Qe2 Bxd5 30. Bf4 Bc4 31. Qe3 Nd5 32. Qe1 Bxf1 33. f6 Qxf6 34. Bxc7 Bd3 35. Bxd3 exd3 36. Qf1 Qxf1+ 37. Rxf1 Nxc7 38. Rxf7 d2 0-1

[Event "Novi Sad Vujovic Memorial IM"]
[Site "Novi Sad"]
[Date "2015.07.22"]
[Round "6"]
[White "Velikic, Adela"]
[Black "Kozhabekov, Adilkhan"]
[Result "1-0"]
[WhiteElo "2128"]
[BlackElo "2161"]
[PlyCount "137"]
[EventDate "2015.07.19"]
[EventType "tourn"]
[EventRounds "9"]
[EventCountry "SRB"]
[EventCategory "1"]
[SourceTitle "CBM 167 Extra"]
[Source "ChessBase"]
[SourceDate "2015.09.14"]
[SourceVersion "1"]
[SourceVersionDate "2015.09.14"]
[SourceQuality "1"]

1. e4 c5 2. Nf3 d6 3. d4 cxd4 4. Nxd4 Nf6 5. Nc3 Nc6 6. Bg5 Bd7 7. Qd2 Rc8 8. 0-0-0 Nxd4 9. Qxd4 Qa5 10. Bxf6 gxf6 11. f4 Bg7 12. Kb1 Qc5 13. Qd3 f5 14. e5 Be6 15. Qb5+ Kf8 16. Qxc5 Rxc5 17. Nb5 a6 18. exd6 exd6 19. Nxd6 b5 20. Be2 Ke7 21. Bf3 Rb8 22. Nb7 Rc7 23. Na5 Rb6 24. Rhe1 Bf6 25. Nb3 Rc4 26. g3 Kf8 27. Rd3 b4 28. Bd5 Rc7 29. Bxe6 fxe6 30. Nd4 Bxd4 31. Rxd4 a5 32. Red1 Ke7 33. R1d2 Rbc6 34. R4d3 Rc5 35. a3 Rb7 36. axb4 axb4 37. Ka2 h6 38. Kb3 Rcb5 39. Rd4 h5 40. Rc4 Kf6 41. Rdd4 Ra5 42. Rxb4 Rh7 43. Rb6 Raa7 44. c4 h4 45. Rd3 h3 46. Rdd6 Rhe7 47. Ra6 Rxa6 48. Rxa6 Rd7 49. Kc2 Rd4 50. b3 Re4 51. Kd3 Re1 52. Ra2 Rb1 53. Kc3 Rg1 54. Rb2 e5 55. fxe5+ Kxe5 56. b4 Rc1+ 57. Rc2 Re1 58. b5 Rb1 59. Re2+ Kd6 60. Rb2 Re1 61. Kb4 Rg1 62. c5+ Kc7 63. Rf2 Rg2 64. Rxf5 Rxh2 65. Rf7+ Kc8 66. Rh7 Rb2+ 67. Ka5 h2 68. Kb6 Rf2 69. c6 1-0

[Event "IPCA Wch 15th"]
[Site "Bratislava"]
[Date "2015.06.22"]
[Round "5"]
[White "Mikheev, Stanislav Valerievi"]
[Black "Kozhabekov, Adilkhan"]
[Result "1-0"]
[WhiteElo "2292"]
[BlackElo "2140"]
[PlyCount "57"]
[EventDate "2015.06.19"]
[EventType "swiss"]
[EventRounds "9"]
[EventCountry "SVK"]
[SourceTitle "CBM 167 Extra"]
[Source "ChessBase"]
[SourceDate "2015.09.14"]
[SourceVersion "1"]
[SourceVersionDate "2015.09.14"]
[SourceQuality "1"]

1. d4 Nf6 2. c4 c5 3. d5 b5 4. cxb5 a6 5. bxa6 g6 6. Nc3 d6 7. Nf3 Bg7 8. e4 0-0 9. Be2 Nxa6 10. 0-0 Bb7 11. Nd2 Nd7 12. Nc4 Ne5 13. Nxe5 Bxe5 14. Bh6 Re8 15. Bb5 Rf8 16. Bxf8 Qxf8 17. Bd7 Qd8 18. Bh3 Qb6 19. Qb3 Qc7 20. Rfc1 Nb4 21. a3 Nd3 22. Rc2 c4 23. Nd1 Ba6 24. Qxd3 cxd3 25. Rxc7 Rb8 26. g3 d2 27. Bf1 Bc8 28. Rc2 f5 29. Bh3 1-0

[Event "IPCA Wch 14th"]
[Site "Apatin"]
[Date "2014.09.23"]
[Round "9"]
[White "Kozhabekov, Adilkhan"]
[Black "Mikheev, Stanislav Valerievi"]
[Result "1/2-1/2"]
[WhiteElo "2103"]
[BlackElo "2195"]
[PlyCount "70"]
[EventDate "2014.09.16"]
[EventType "swiss"]
[EventRounds "9"]
[EventCountry "SRB"]
[SourceTitle "CBM 162 Extra"]
[Source "ChessBase"]
[SourceDate "2014.10.17"]
[SourceVersion "1"]
[SourceVersionDate "2014.10.17"]
[SourceQuality "1"]

1. e4 e6 2. Qe2 c5 3. g3 Nc6 4. Bg2 g6 5. c3 Bg7 6. Nf3 Nge7 7. 0-0 d6 8. Re1 b6 9. d4 cxd4 10. cxd4 Bxd4 11. Nxd4 Nxd4 12. Qd1 e5 13. Bh6 Qd7 14. Nc3 Bb7 15. Bg7 Rg8 16. Bf6 Qe6 17. Bg5 f6 18. Be3 Nec6 19. Nd5 Rc8 20. b4 b5 21. Rc1 Kf7 22. f4 Kg7 23. Qd2 Qg4 24. Qf2 Rgf8 25. h3 Qd7 26. Qd2 Kh8 27. Rf1 Rf7 28. fxe5 dxe5 29. Nxf6 Qe6 30. Ng4 Rcf8 31. Rxf7 Rxf7 32. Rc5 Rd7 33. Qf2 Rf7 34. Qd2 Rd7 35. Qf2 Rf7 1/2-1/2

[Event "IPCA Wch 14th"]
[Site "Apatin"]
[Date "2014.09.22"]
[Round "8"]
[White "Moskvin, Anatoly"]
[Black "Kozhabekov, Adilkhan"]
[Result "1/2-1/2"]
[WhiteElo "1870"]
[BlackElo "2103"]
[PlyCount "45"]
[EventDate "2014.09.16"]
[EventType "swiss"]
[EventRounds "9"]
[EventCountry "SRB"]
[SourceTitle "CBM 162 Extra"]
[Source "ChessBase"]
[SourceDate "2014.10.17"]
[SourceVersion "1"]
[SourceVersionDate "2014.10.17"]
[SourceQuality "1"]

1. e4 c5 2. Nc3 e6 3. g3 d6 4. Bg2 Nf6 5. d3 Be7 6. f4 0-0 7. Nf3 Nc6 8. 0-0 a6 9. h3 Rb8 10. g4 Ne8 11. f5 g6 12. Bh6 Ng7 13. Qd2 f6 14. fxe6 Bxe6 15. Nd5 b5 16. d4 cxd4 17. Nxd4 Bxd5 18. exd5 Nxd4 19. Qxd4 Qb6 20. Qxb6 Rxb6 21. Rae1 Rb7 22. Re2 Rf7 23. Bf4 1/2-1/2

[Event "IPCA Wch 14th"]
[Site "Apatin"]
[Date "2014.09.20"]
[Round "6"]
[White "Yarmonov, Igor"]
[Black "Kozhabekov, Adilkhan"]
[Result "1-0"]
[WhiteElo "2361"]
[BlackElo "2103"]
[PlyCount "61"]
[EventDate "2014.09.16"]
[EventType "swiss"]
[EventRounds "9"]
[EventCountry "SRB"]
[SourceTitle "CBM 162 Extra"]
[Source "ChessBase"]
[SourceDate "2014.10.17"]
[SourceVersion "1"]
[SourceVersionDate "2014.10.17"]
[SourceQuality "1"]

1. d4 d5 2. Nf3 Nf6 3. e3 g6 4. c4 c6 5. Be2 Bg7 6. 0-0 0-0 7. Nc3 b6 8. b4 dxc4 9. Bxc4 c5 10. bxc5 bxc5 11. Rb1 cxd4 12. Nxd4 e5 13. Ndb5 Bf5 14. Ba3 Bxb1 15. Bxf8 Qxf8 16. Nc7 Bf5 17. Nxa8 Nbd7 18. e4 Bg4 19. Qb3 Qxa8 20. Bxf7+ Kf8 21. f3 Nc5 22. Qa3 Kxf7 23. fxg4 Ne6 24. Nd5 Qb7 25. g3 g5 26. Qd6 Nf8 27. Nxf6 Qb6+ 28. Qxb6 axb6 29. Nxh7+ Ke8 30. Nxf8 Bxf8 31. Rf5 1-0

[Event "IPCA Wch 14th"]
[Site "Apatin"]
[Date "2014.09.17"]
[Round "3"]
[White "Kozhabekov, Adilkhan"]
[Black "Zavarsky, Juraj"]
[Result "1-0"]
[WhiteElo "2103"]
[BlackElo "2012"]
[PlyCount "75"]
[EventDate "2014.09.16"]
[EventType "swiss"]
[EventRounds "9"]
[EventCountry "SRB"]
[SourceTitle "CBM 162 Extra"]
[Source "ChessBase"]
[SourceDate "2014.10.17"]
[SourceVersion "1"]
[SourceVersionDate "2014.10.17"]
[SourceQuality "1"]

1. d4 Nf6 2. Nf3 g6 3. g3 Bg7 4. Bg2 d6 5. 0-0 0-0 6. c4 Nbd7 7. Nc3 e5 8. e4 exd4 9. Nxd4 Ng4 10. Nc2 Nb6 11. Qe2 Be6 12. Nd5 Nxc4 13. Qxc4 c6 14. Qb4 cxd5 15. exd5 Bf5 16. Ne3 Nxe3 17. Bxe3 Qd7 18. Rfc1 Rfd8 19. a4 Be5 20. a5 a6 21. Bf1 Rac8 22. Qb6 Rxc1 23. Rxc1 Rc8 24. Rxc8+ Qxc8 25. f4 Bg7 26. Qxd6 Bxb2 27. Bc5 Bg7 28. Qb6 h5 29. d6 Bf8 30. Bg2 h4 31. Bd5 Qe8 32. Kf2 Qa4 33. Qb3 Qxa5 34. Bxf7+ Kh7 35. Be3 Bxd6 36. Bg8+ Kh6 37. g4 Be4 38. Qf7 1-0

[Event "Chigorin Memorial 20th"]
[Site "St Petersburg"]
[Date "2012.11.03"]
[Round "8"]
[White "Kozhabekov, Adilkhan"]
[Black "Buchenau, Frank"]
[Result "1-0"]
[WhiteElo "2127"]
[BlackElo "2324"]
[PlyCount "65"]
[EventDate "2012.10.27"]
[EventType "swiss"]
[EventRounds "9"]
[EventCountry "RUS"]
[SourceTitle "EXT 2013"]
[Source "ChessBase"]
[SourceDate "2012.11.22"]
[SourceVersion "1"]
[SourceVersionDate "2012.11.22"]
[SourceQuality "1"]

1. Nf3 Nf6 2. b3 d5 3. Bb2 Bg4 4. e3 Nbd7 5. d4 e6 6. Be2 Bd6 7. Nbd2 0-0 8. 0-0 c6 9. Ne5 Bxe2 10. Qxe2 Qc7 11. f4 Rfe8 12. Rf3 c5 13. c4 cxd4 14. exd4 Bb4 15. Nf1 Ne4 16. Rc1 Nxe5 17. fxe5 Qd7 18. Rh3 Be7 19. Rc2 f5 20. exf6 Bxf6 21. Qg4 Rad8 22. Re2 b5 23. Rf3 Kh8 24. c5 b4 25. Ng3 Qb5 26. Re1 Nxg3 27. hxg3 Qa6 28. Rfe3 Qxa2 29. Rxe6 Rf8 30. Bc1 Qxb3 31. Bg5 Bxg5 32. Qxg5 Qd3 33. Qxd8 1-0

[Event "Chigorin Memorial 20th"]
[Site "St Petersburg"]
[Date "2012.11.02"]
[Round "7"]
[White "Khakimov, Timur"]
[Black "Kozhabekov, Adilkhan"]
[Result "1/2-1/2"]
[WhiteElo "2303"]
[BlackElo "2127"]
[PlyCount "89"]
[EventDate "2012.10.27"]
[EventType "swiss"]
[EventRounds "9"]
[EventCountry "RUS"]
[SourceTitle "EXT 2013"]
[Source "ChessBase"]
[SourceDate "2012.11.22"]
[SourceVersion "1"]
[SourceVersionDate "2012.11.22"]
[SourceQuality "1"]

1. e4 c6 2. d3 d5 3. Nd2 e5 4. Ngf3 Bd6 5. d4 exd4 6. exd5 Nf6 7. dxc6 bxc6 8. Nc4 c5 9. c3 Nc6 10. cxd4 cxd4 11. Nxd6+ Qxd6 12. Be2 0-0 13. 0-0 Rd8 14. Ne1 Bb7 15. Nd3 Nd5 16. Bg5 Re8 17. Bf3 Ba6 18. Rc1 Ne5 19. Bxd5 Nxd3 20. Bxf7+ Kxf7 21. Qf3+ Kg8 22. Rc6 Ne5 23. Qb3+ Bc4 24. Rxd6 Bxb3 25. axb3 Nf7 26. Rd5 Nxg5 27. Rxg5 Rad8 28. Ra5 Rd7 29. f3 d3 30. Raa1 Re2 31. Rf2 Rc2 32. Rd1 d2 33. Kf1 Rxb2 34. Re2 Kf7 35. Re3 Kf6 36. Ke2 a5 37. Rc3 Rd5 38. Re3 g5 39. Rc3 h5 40. Ke3 Ke5 41. g3 Rb5 42. Rxd2 R2xb3 43. Rdd3 Rxc3 44. Rxc3 a4 45. Kd3 1/2-1/2

[Event "Chigorin Memorial 20th"]
[Site "St Petersburg"]
[Date "2012.10.30"]
[Round "4"]
[White "Kozhabekov, Adilkhan"]
[Black "Klevets, Ksenia"]
[Result "0-1"]
[WhiteElo "2127"]
[BlackElo "1861"]
[PlyCount "68"]
[EventDate "2012.10.27"]
[EventType "swiss"]
[EventRounds "9"]
[EventCountry "RUS"]
[SourceTitle "EXT 2013"]
[Source "ChessBase"]
[SourceDate "2012.11.22"]
[SourceVersion "1"]
[SourceVersionDate "2012.11.22"]
[SourceQuality "1"]

1. d4 d5 2. Nf3 Nf6 3. Bg5 g6 4. Nbd2 Bg7 5. e3 0-0 6. Be2 h6 7. Bh4 Bf5 8. 0-0 Nbd7 9. c3 c6 10. h3 g5 11. Bg3 Ne4 12. Nxe4 dxe4 13. Nd2 e5 14. Nc4 Qe7 15. dxe5 Nxe5 16. Qd6 Rfe8 17. Bxe5 Bxe5 18. Qxh6 Bf6 19. f4 exf3 20. Rxf3 Bg6 21. Rg3 b5 22. Nd2 Qd6 23. Nf1 Re5 24. Rd1 Qe7 25. h4 Bg7 26. Qxg5 Rxg5 27. hxg5 Rd8 28. Re1 Be5 29. Rg4 Bh5 30. Rh4 Bxe2 31. Rxe2 Qxg5 32. g3 Bxg3 33. Rh3 Rd1 34. Rg2 Qxe3+ 0-1